UK Towns Quiz - Hertfordshire - Extreme - Statistics

General Stats
  • This quiz has been taken 327 times
    247 since last reset
  • The average score is 23 of 69
Answer Stats
Clue Population Name of town % Correct
W 131,326 Watford
92%
S 94,456 Stevenage
86%
S 75,537 St Albans
83%
H 28,802 Hertford
82%
H 2,830 Hertford Heath
82%
H 95,961 Hemel Hempstead
80%
W 3,907 Welwyn
76%
H 41,555 Hatfield
70%
H 30,966 Harpenden
66%
H 35,224 Hitchin
66%
B 40,909 Bishops Stortford
63%
L 33,986 Letchworth
63%
P 23,398 Potters Bar
59%
W 19,622 Ware
59%
W 51,524 Welwyn Garden City
59%
B 39,765 Borehamwood
58%
B 100,042 Broxbourne
53%
B 28,418 Bushey
52%
C 43,680 Cheshunt
52%
T 11,961 Tring
52%
B 21,245 Berkhamsted
51%
R 26,291 Rickmansworth
50%
H 40,630 Hoddesdon
48%
R 17,448 Royston
46%
B 10,614 Baldock
43%
W 11,947 Waltham Cross
42%
A 18,204 Abbots Langley
39%
K 4,192 Knebworth
38%
R 8,190 Radlett
38%
B 7,879 Buntingford
35%
E 1,740 Elstree
33%
L 7,932 London Colney
33%
S 10,479 Sawbridgeworth
33%
C 4,350 Cuffley
31%
W 4,527 Wheathampstead
30%
C 12,625 Chorleywood
29%
W 2,968 Welham Green
23%
W 2,614 Watton-at-stone
21%
R 5,190 Redbourn
20%
C 2,684 Codicote
19%
A 1,980 Ashwell
18%
B 4,033 Brookmans Park
17%
G 3,505 Goffs Oak
17%
S 3,752 Stanstead Abbots
17%
S 3,558 Shenley
15%
P 3,863 Puckeridge
14%
B 5,316 Bovingdon
13%
B 4,627 Bricket Wood
13%
K 1,548 Kimpton
13%
P 2,256 Park Street
12%
S 1,459 Sandridge
12%
M 3,175 Markyate
11%
W 1,408 Woolmer Green
11%
C 1,060 Colney Heath
8%
D 1,177 Datchworth
8%
G 1,019 Great Amwell
8%
I 1,936 Ickleford
8%
O 3,968 Oaklands
8%
M 5,846 Moor Park
7%
W 1,019 Whitwell
7%
F 1,057 Flamstead
6%
C 1,680 Chipperfield
5%
C 6,689 Chiswell Green
5%
L 1,003 Little Wymondley
5%
P 1,452 Pirton
5%
P 1,273 Potten End
5%
W 1,367 Walkern
5%
M 2,583 Maple Cross
4%
H 1,272 Hadham Cross
2%
No matching quizzes found
Score Distribution
Percent of People with Each Score
Percentile by Number Answered
Your Score History
You have not taken this quiz since the last reset